000 01391nam a2200349Ia 4500
001 ebr10601766
003 CaPaEBR
006 m u
007 cr cn|||||||||
008 110510s2011 at ab sb 001 0 eng d
010 _z 2010671774
020 _z1921719079 (pbk.)
020 _z9781921719073 (pbk.)
020 _z9781922013002
040 _aCaPaEBR
_cCaPaEBR
035 _a(OCoLC)801407247
050 1 4 _aHV8962.A8
_bT87 2011eb
100 1 _aTurbet, Peter.
245 1 0 _aFirst frontier
_h[electronic resource] :
_bthe occupation of the Sydney region 1788-1816 /
_cPeter Turbet.
260 _a[Kenthurst, N.S.W.] :
_bRosenberg Publishing,
_c2011.
300 _a302 p. :
_bill., maps.
504 _aIncludes bibliographical references (p. 291-293) and index.
533 _aElectronic reproduction.
_bPalo Alto, Calif. :
_cebrary,
_d2011.
_nAvailable via World Wide Web.
_nAccess may be limited to ebrary affiliated libraries.
650 0 _aPenal colonies
_zAustralia
_xHistory.
650 0 _aPenal colonies
_zAustralia
_zSydney (N.S.W.)
_xHistory.
651 0 _aSydney (N.S.W.)
_xHistory.
651 0 _aAustralia
_xHistory.
651 0 _aGreat Britain
_xColonies.
655 7 _aElectronic books.
_2local
710 2 _aebrary, Inc.
856 4 0 _uhttp://site.ebrary.com/lib/rucke/Doc?id=10601766
_zAn electronic book accessible through the World Wide Web; click to view
999 _c194419
_d194419